Най-големите и най-малките държави А-Я - Statistics

General Stats
  • This quiz has been taken 137 times
  • The average score is 25 of 51
Answer Stats
Country % Correct
Русия
91%
Канада
81%
Ватикана
81%
Бразилия
79%
САЩ
78%
Япония
75%
Индия
70%
Австралия
67%
Йордания
63%
Монако
63%
ЮАР
62%
Замбия
61%
Оман
61%
Франция
60%
Йемен
60%
Германия
60%
Зимбабве
60%
Швеция
56%
Лихтенщайн
54%
Ямайка
54%
Либия
53%
Венецуела
53%
Сан Марино
53%
Етиопия
52%
Мексико
50%
Украйна
48%
Перу
44%
Чад
44%
Хаити
44%
ЦАР
43%
Хондурас
41%
Швейцария
41%
Южна Корея
40%
Фиджи
39%
Нигер
38%
ОАЕ
36%
Барбадос
34%
Доминика
34%
Руанда
32%
Танзания
30%
Кирибати
30%
Науру
30%
ДР Конго
29%
Есватини
28%
Антигуа и Барбуда
25%
Унгария
25%
Източен Тимор
24%
Черна гора
24%
Тувалу
23%
Палау
22%
Гренада
20%
No matching quizzes found
Score Distribution
Percent of People with Each Score
Percentile by Number Answered
Your Score History
You have not taken this quiz